History Quiz

Random History or Century Quiz

20th Century by Image Quiz Stats

 Plays Quiz Updated May 15, 2018

Score 0/16 Timer 07:00
4 Plays Today
Number Event % Correct
3Titanic sinks, 1912
97.5%
9D-Day, Normandy Landings, 1944
93.2%
8President Kennedy Assassinated, 1963
92.2%
11Apollo 11 Moon Landing, 1969
90.1%
6Wright Brothers, First Powered Flight, 1903
89.6%
7Rosa Parks, 'Mother of the Modern-Day Civil Rights Movement', 1955
88.3%
14World War One, 1914-1918
87.6%
2Nelson Mandela freed, 1990
87.1%
Number Event % Correct
4Fall of the Berlin Wall, 1989
82.9%
12Vietnam War, 1959-1975
80.9%
10Wall Street Crash (1929) and The Great Depression
77.5%
5First Gulf War, Operation Desert Storm, 1991
74.6%
1The Holocaust, 1933-1945
68.2%
15Margaret Thatcher, First Female British PM, 1979
65.8%
16Cultural Revolution in China, 1966-1976
65.3%
13Tiananmen Square Protests, 1989
41.7%

You're not logged in!

Compare scores with friends on all Sporcle quizzes.
OR
Log In

Sporcle TV

Today on Sporcle TV


Watch our educational content, quiz creation guides, and fun videos on Sporcle TV.

Show Comments

Extras

Top Quizzes Today


Score Distribution

Your Account Isn't Verified!

In order to create a playlist on Sporcle, you need to verify the email address you used during registration. Go to your Sporcle Settings to finish the process.

Report this User

Report this user for behavior that violates our Community Guidelines.

Details: